<?xml version="1.0" encoding="UTF-8"?>
<marc:record xmlns:marc="http://www.loc.gov/MARC21/slim">
   <marc:leader>00000nam a2200000 a 4500</marc:leader>
   <marc:datafield ind1="1" ind2=" " tag="100">
      <marc:subfield code="a">Bruhns, Nina</marc:subfield>
      <marc:subfield code="4">aut</marc:subfield>
      <marc:subfield code="e">Verfasser/-in</marc:subfield>
   </marc:datafield>
   <marc:datafield ind1="0" ind2="0" tag="245">
      <marc:subfield code="a">Zero Unit</marc:subfield>
   </marc:datafield>
   <marc:datafield ind1="0" ind2="0" tag="245">
      <marc:subfield code="c">Nina Bruhns. Ins Dt. übertr. von Dorothea Kallfass</marc:subfield>
   </marc:datafield>
   <marc:datafield ind1=" " ind2="1" tag="264">
      <marc:subfield code="a">Köln</marc:subfield>
      <marc:subfield code="b">LYX Egmont</marc:subfield>
      <marc:subfield code="c">2012</marc:subfield>
   </marc:datafield>
   <marc:datafield ind1=" " ind2=" " tag="250">
      <marc:subfield code="a">Dt.-sprachige Erstausg., 1. Aufl.</marc:subfield>
   </marc:datafield>
   <marc:datafield ind1="1" ind2=" " tag="520">
      <marc:subfield code="a">Angaben aus der Verlagsmeldung

Zero Unit : Böses Erwachen If looks could chill / von Nina Bruhns

Im Bayou von Louisiana werden eine Reihe von Leichen gefunden. Widerstrebend heuert die Polizistin Tara Reeves den attraktiven Führer Marc Lafayette an, damit er ihr bei der Spurensuche in den Sümpfen hilft. Und der Fall ist verzwickter, als es zunächst den Anschein hat: Ausländische Terroristen planen einen Anschlag auf die USA und testen in der Wildnis der Sümpfe eine tödliche biologische Waffe. Doch während Tara und Marc nach dem gefährlichen Virus suchen, werden sie von einem ganz anderen Fieber erfasst -- einer alles verzehrenden Leidenschaft zueinander, die ihr Leben für immer verändern wird.
</marc:subfield>
   </marc:datafield>
   <marc:datafield ind1=" " ind2=" " tag="020">
      <marc:subfield code="a">9783802585142</marc:subfield>
      <marc:subfield code="9">9783802585142</marc:subfield>
   </marc:datafield>
   <marc:datafield ind1=" " ind2=" " tag="020">
      <marc:subfield code="a">3802585143</marc:subfield>
      <marc:subfield code="9">3802585143</marc:subfield>
   </marc:datafield>
   <marc:datafield ind1=" " ind2=" " tag="041">
      <marc:subfield code="a">ger</marc:subfield>
   </marc:datafield>
   <marc:datafield ind1=" " ind2=" " tag="300">
      <marc:subfield code="a">505 S.</marc:subfield>
   </marc:datafield>
</marc:record>
